Länder mit der höchsten Inhaftiertenrate - Statistiken

Allgemein
  • Dieses Quiz wurde 100 mal gespielt
  • Das Durchschnittsergebnis liegt bei 12 aus 30
Antwortstatistiken
Platz Land Inhaftierte pro 100.000 Einwohner Inhaftierte Insgesamt % Korrekt
1. Vereinigte Staaten 639 2.094.000
96%
20. Russland 325 469.283
89%
15. Brasilien 357 759.518
83%
6. Kuba 510 57.337
61%
18. Türkei 335 281.094
60%
10. Panama 420 18.174
54%
2. El Salvador 572 37.190
52%
28. Peru 290 96.440
52%
13. Costa Rica 374 19.226
47%
19. Nicaragua 332 20.918
47%
22. Belize 307 1.222
44%
16. Weißrussland 345 32.556
40%
8. Thailand 449 311.605
38%
24. Barbados 296 850
37%
11. Grenada 413 463
37%
14. St. Vincent und die Grenadinen 369 410
37%
27. Trinidad und Tobago 292 3.999
37%
17. Uruguay 337 11.755
37%
9. Bahamas 442 1.778
35%
12. St. Kitts und Nevis 393 220
35%
23. Antigua und Barbuda 302 287
32%
30. Fidschi 274 2.506
23%
4. Palau 522 94
20%
7. Malediven 499 1.852
17%
21. Seychellen 324 320
16%
3. Turkmenistan 552 30.452
13%
24. Kap Verde 296 1.549
12%
5. Ruanda 511 65.000
11%
29. Eswatini 278 3.776
9%
26. Namibia 295 7.400
9%
Keine übereinstimmenden Quizze gefunden
Verteilung der Resultate
Anzahl Personen mit jedem Resultat
Perzentil nach korrekt beantworteten Fragen
Ihre Resultats-Entwicklung
Sie haben dieses Quiz noch nicht gespielt